000 00210 a2200097 4500
001 34604
100 _aKelly, Julia
245 _aUsing Microsoft Excel 2000
260 _aND
_bPHI
_c1999
090 _c22887
_d22887
942 _aNUST-CAE
_cM
_c14321
999 _c269677
_d269677